00771nam a22002057a 450000500170000001000150001702000260003203500140005803700090007208200160008110000270009724500770012426000500020127000730025130000210032470000340034594200300037999900190040995201370042820260216110801.0 aENG-146292 c200.00a9789361637810 aEN-129824 bDBAD a338.1095405 aRadhakrishnan,P987403 aExtension Efforts In India - Pre and Post IndependencecP. Radhakrishnan aTamil Nadu, IndiabShanlax Publicationsc2025 bTamil Nadua61, 66 T.P.K. Main Road, Vasantha Nagar, Maduraie625003 a102p.c25cm(pbk) aG.Anand , P .P Murugan983653 2ddccENh338.1095405mRAD c212824d212824 001040708NFICaRC3ANbRC3ANd2025-08-04eDBADg200.00l0o338.1095405 RADp129824r2025-08-04 00:00:00t1v200.00w2025-08-04yEN